| 000 | 00838cab a2200253 4500 | ||
|---|---|---|---|
| 001 | ABS44357 | ||
| 008 | 090401t1991 xxu||||| |||| 00| 0 eng d | ||
| 035 | _a(Sirsi) u46751 | ||
| 041 | _aeng | ||
| 100 | _aPhipps, M. | ||
| 245 | _aICE6 beats breathless path for the others to follow | ||
| 260 | _c1991 | ||
| 350 | _a0 | ||
| 490 |
_aBuilding _v256(7691) 5 April 1991, 32 (1) |
||
| 520 | _aPraises the new ICE Conditions of Contract 6th edition for its clarity and picks out parts of the contract, which particularly illustrates this quality. | ||
| 650 | _aCHARTERED ENGINEER | ||
| 650 | _aCIVIL ENGINEERING CONTRACTS | ||
| 650 | _aDELEGATION | ||
| 650 | _aICE CONDITIONS OF CONTRACT (SIXTH EDITION) | ||
| 650 | _aJOB ARCHITECT | ||
| 690 | _aBUILT ENVIRONMENT-BUILDING CONTRACT FORMS | ||
| 942 | _n0 | ||
| 948 | _c04/03/1997 | ||
| 999 |
_c29544 _d29544 |
||